Canciones de Bad Gyal ( 2016 - 2024 ) - Estadísticas

Estadísticas generales
  • Esta prueba ha sido intentada 113 veces
  • La puntuación promedio es 45 de 84
Estadísticas de respuestas
Año Album Canción % Correcto
2016 Slow Wine Mixtape Fiebre
91%
2016 Slow Wine Mixtape Mercadona
89%
2023 Sencillo Chulo
84%
2019 Sencillo Zorra
81%
2022 Sound System Nueva York
78%
2021 Sencillo Flow 2000
76%
2024 Sencillo Perdió
73%
2019 Sencillo Santa María
72%
2023 Sencillo Mi Lova
70%
2024 La Joia Mi Lova
70%
2024 La Joia Perdió Este Culo
70%
2021 Warm Up Blin Blin
68%
2023 Sencillo Chulo Pt.2
68%
2024 La Joia Chulo Pt.2
68%
2022 Sencillo Sin Carné
66%
2024 La Joia Sin Carné
66%
2021 Warm Up Zorra ( Remix )
66%
2024 Sencillo Bota Niña
65%
2024 La Joia Bota Niña
65%
2024 La Joia La Que No Se Mueva
65%
2021 Warm Up 44
63%
2021 Warm Up Aprendiendo El Sexo
63%
2024 La Joia Skit
63%
2024 La Joia Otra Vez Más
62%
2022 Sencillo Sexy
62%
2024 La Joia Sexy
62%
2024 La Joia Asi Soy
61%
2024 La Joia Bad Boy
61%
2024 Sencillo Guay
61%
2022 Sencillo Real G
61%
2024 La Joia Real G
61%
2022 Sound System Su Payita
61%
2016 Slow Wine Mixtape Dinero
59%
2018 Worldwide Angel Intro
59%
2024 La Joia Intro
59%
2022 Sencillo La Prendo
59%
2016 Sencillo Pai
59%
2022 Sound System Slim Thick
59%
2018 Worldwide Angel Candela
58%
2017 Sencillo Jacaranda
58%
2023 Sencillo Give Me
57%
2024 La Joia Give Me
57%
2019 Sencillo Hookah
57%
2018 Worldwide Angel Internationally
56%
2024 La Joia Pop Pop
56%
2023 Sencillo KÁRMIKA
54%
2018 Worldwide Angel Tra
54%
2019 Sencillo Alocao
53%
2016 Slow Wine Mixtape Despacio
53%
2022 Sencillo Flow 2000 ( Remix )
53%
2018 Sencillo Open The Door
53%
2021 Warm Up Pussy
53%
2020 Sencillo Bom Bom
52%
2021 Warm Up Gasto
51%
2021 Warm Up Iconic
51%
2016 Slow Wine Mixtape Turn Me On
49%
2018 Worldwide Angel Yo Sigo Igual
49%
2024 Sencillo Double Team
48%
2023 Sencillo Enamoraté
48%
2021 Warm Up Judas
48%
2018 Worldwide Angel Tu Moto
48%
2018 Worldwide Angel Blink
46%
2021 Sencillo BOBO
46%
2016 Slow Wine Mixtape D Way You Do Me
46%
2018 Sencillo Mas Raro
46%
2023 Sencillo Que Rico
46%
2024 Sencillo Sexe Sexy
46%
2018 Worldwide Angel Trust
42%
2016 Slow Wine Mixtape Smthin Like This
41%
2024 Sencillo Wet
39%
2023 Sencillo El Sol Me Da
35%
2017 Sencillo Nicest Cocky
35%
2024 Sencillo 2 AM
34%
2024 Sencillo Duro De Verdad Pt.2
34%
2024 Sencillo Party Amanecio
33%
2018 Worldwide Angel Realize
33%
2024 Sencillo Maille
28%
2018 Sencillo Por Ti
28%
2020 Sencillo Tu Eres Un Bom Bom ( Remix )
27%
2018 Sencillo Unknown Feeling
27%
2022 Sencillo FORMOSA ( Remix )
25%
2021 Sencillo Esta Noche
24%
2023 Sencillo Guetto Princess
8%
2022 Sencillo Trmendo Culón
6%
No se encontraron pruebas coincidentes
Distribución de puntuación
Porcentaje de gente con cada puntuación
Porcentaje por número respondido
Historial de tus puntuaciones
No has intentado esta prueba.